|
|
|
|
| LEADER |
00000nab a2200000 a 4500 |
| 001 |
vtls000871097 |
| 003 |
SK-MaSNL |
| 005 |
20260305020346.0 |
| 008 |
250429c2004 xo 0 slo |
| 015 |
|
|
|a SNBRB2004/05-14370
|
| 035 |
|
|
|a CLN000222649
|
| 035 |
|
|
|a urn:nbn:sk:snk-absae
|
| 035 |
|
|
|a (urnnbn)urn:nbn:sk:snk:ar-a040kl
|
| 035 |
|
|
|a (uuid)95f17382-4504-499b-9685-1c67d65ef4dc
|
| 040 |
|
|
|a SNKBUCL
|b slo
|c SNKBUCL
|e AACR2
|
| 041 |
0 |
|
|a slo
|
| 044 |
|
|
|a xo
|c SK
|
| 080 |
|
|
|a 616.2-008.41
|2 1997
|
| 100 |
1 |
|
|a Chovan, Ladislav,
|d 1955-2008
|4 aut
|9 216166
|
| 245 |
1 |
0 |
|a Kašeľ
|c Ladislav Chovan
|
| 300 |
|
|
|b Obr.
|
| 650 |
0 |
7 |
|a kašeľ
|2 MESH
|9 15309
|
| 650 |
0 |
7 |
|a choroby dýchacích ústrojov
|2 MESH
|9 80832
|
| 650 |
0 |
7 |
|a choroby pľúc, obštrukčné chronické
|2 MESH
|9 1437209
|
| 650 |
0 |
7 |
|a astma
|2 MESH
|9 2427
|
| 650 |
0 |
7 |
|a reflux gastroezofagálny
|2 MESH
|9 857214
|
| 650 |
0 |
7 |
|a inhibítory angiotenzín konvertujúceho enzýmu
|2 MESH
|9 239013
|
| 655 |
|
7 |
|a články z novín a časopisov
|2 snkbucl
|9 267496
|
| 773 |
0 |
|
|t Lekárnické listy
|g Roč. 6, č. 2 (2004), s. 26
|x 1335-5821
|
| 850 |
|
|
|a Slovenská národná knižnica
|
| 852 |
|
|
|a Slovenská národná knižnica
|
| 954 |
|
|
|a odborná, vedecká literatúra pôvodná (slovenská)
|2 lita
|
| 958 |
|
|
|a article27
|
| 958 |
|
|
|a OND
|
| 958 |
|
|
|a MI
|
| 958 |
|
|
|a EUIPO
|
| 992 |
|
|
|a RBX
|
| 999 |
|
|
|c 3280321
|d 3282251
|